000
00309nam a22001337a 4500
008
171005b xxu||||| |||| 00| 0 eng d
020
_a
9780879759407
041
_a
eng
080
_a
159.9
100
_a
48
101
_a
psi
245
_a
WHY I AM AN AGNOSTIC AND OTHER
_c
DARROW.C
942
_2
udc
_c
BK
999
_c
31885
_d
31885